zpět

Detail výsledku týmu

U Frigosů, Čelákovice

Datum a čas kvízu

14 Celkem bodů Celkový počet nahraných bodů na tomto kvízu bez doplňovacích otázek.
6. Pořadí na kvízu Konečné umístění týmu na tomto kvízu.

Zaznamenané odpovědi

# Otázka Odpověď Body Výsledky
1. Dům zahraniční spolupráce minu... B 1
2. Ruská poslankyně Natalja Poklo... na Krym 0
3. Ve čtvrtek vstoupil do našich... Hynek Čermák 1
4. Společnost Mattel představila... Panenky jsou genderově neutrální. 0
5. Ragbisté Uruguaye se postarali... Fidži 0
6. V tomto tématu se podíváme na... Tábor, Šárka 0
7. Moderátorka a zpěvačka Emma Sm... Karel Oliva 0
8. Kterým slovem na pět písmen by... nažka 0
9. Po Bedřichu Smetanovi byl pojm... Merkur 0
10. Futuretro, Biorytmy, Kluci kde... Tata Bojs 0